LEADER 01040nam a2200241 i 4500 001 000000144430 003 CaOOAMICUS 005 20051028000000.0 008 051028s2005 it u000 u ita u 013 $a119788 020 $a88-8340-211-1 040 $aSeMil$bita 100 1 $aGhiringhelli, Livio,$d<1931-2024>.$0(OLS)http://semarc/name/807 245 13$aUn campione dell'intransigenza :$bPadre Gaetano Zocchi S.J. (1846-1912) /$cLivio Ghiringhelli. 260 $aVarese :$bMacchione,$cCopyr. 2005. 300 $a221 p. ;$c21 cm. 650 4$aZocchi, Gaetano .$0(OLS)http://semarc/subject/28309 850 $aSeMil 852 $aSeMil$W1$xVenegono$y1$m3J II 108$j97359$B97359$CSeMilBibl$Z2$F105537 $81 961 $aOmaggio: Ghiringhelli prof. Livio 996 $6020$a88-8340-211-1$9(OLS)http://semarc/number/132838 996 $6245$aUn campione dell'intransigenza :$bPadre Gaetano Zocchi S.J. (1846-1912)$9(OLS)http://semarc/title/211266 996 $6260$aVarese :$bMacchione$9(OLS)http://semarc/publisher/34285 LEADER 00947nam a2200205 i 4500 001 000000206950 003 CaOOAMICUS 005 20111018000000.0 008 111018s1867 it u000 u ita u 013 $a185724 040 $aSeMil$bita 100 1 $aRicci, Mauro <1826-1900>.$0(OLS)http://semarc/name/11364 245 13$aLa nuova educazione :$bpoemetto postumo in due canti /$cdi Possidonio Da Peretola ; pubblicati da Matteo Ricci D.S.P. ; con note e commeti di Ulivo Beccaluva ; e col ritratto dell'autore. 260 $aFirenze :$bTip. Calasanziana,$c1867. 300 $a70 p. ;$c19 cm. 700 1 $aBeccaluva, Ulivo.$0(OLS)http://semarc/name/74337 850 $aSeMil 852 $aSeMil$W1$xVenegono$y1$m1S V 28 FA$j157413$B157413$CSeMilBibl$Z2$F168708 $8I 996 $6245$aLa nuova educazione :$bpoemetto postumo in due canti$9(OLS)http://semarc/title/299267 996 $6260$aFirenze :$bTip. Calasanziana$9(OLS)http://semarc/publisher/29948